000 00388nam a2200157Ia 4500
003 OSt
005 20240129101923.0
008 170523s9999 xx 000 0 und d
020 _a978-0074623190
040 _ciimt university meerut
100 _aPAREEK- UDAI
245 0 _aMAKING ORGANISATIONAL ROLES EFFECTIVE
260 _bDELHI TATA MC GRAW HILL
260 _c1994
942 _2ddc
_c02
999 _c147
_d147